| 000 | 00825nac a22002291u 4500 | ||
|---|---|---|---|
| 010 | _a 00022940 | ||
| 020 | _a0631208488 (pbk. : alk. paper) | ||
| 020 | _a063120847X (alk. paper) | ||
| 082 | 0 | 0 |
_a306.6 _bBOW |
| 090 |
_c7069 _d7069 |
||
| 100 | _aBowie, Fiona. | ||
| 245 | 1 | 4 |
_aThe anthropology of religion : _ban introduction / _cFiona Bowie. |
| 260 |
_aMalden, MA : _bBlackwell Pub.,2000 _c2000 |
||
| 300 |
_axi, 284 p. : _bill. ; _c23 cm. |
||
| 500 | _adistributer: Al-Ahram | ||
| 504 | _aIncludes bibliographical references and index. | ||
| 511 | _acatalogued by: wessam | ||
| 650 | 0 |
_aEthnology _xReligious aspects. |
|
| 650 | 0 | _aReligion. | |
| 942 |
_cBB _k306.6BOW |
||
| 999 |
_c7069 _d7069 |
||